دیوان شاکر ناجی : (Record no. 106902)

MARC details
000 -LEADER
fixed length control field 00909nam a22002537a 4500
005 - DATE AND TIME OF LATEST TRANSACTION
control field 20170123162318.0
010 ## - LIBRARY OF CONGRESS CONTROL NUMBER
LC control number A-374781
020 ## - INTERNATIONAL STANDARD BOOK NUMBER
Terms of availability 60.00
International Standard Book Number 8171600034
035 ## - SYSTEM CONTROL NUMBER
System control number A-374781
037 ## - SOURCE OF ACQUISITION
Source of stock number/acquisition Cen Lib/Ret
040 ## - CATALOGING SOURCE
Original cataloging agency DPL
Language of cataloging UR
082 ## - DEWEY DECIMAL CLASSIFICATION NUMBER
Classification number 841
Item number ص د ی
100 ## - MAIN ENTRY--PERSONAL NAME
Personal name صدیقی، افتخار بیگم
9 (RLIN) 115945
245 ## - TITLE STATEMENT
Title دیوان شاکر ناجی :
Statement of responsibility, etc افتخار بیگم صدیقی
Remainder of title مح مقدمہ و فرہنگ /
246 ## - VARYING FORM OF TITLE
Title proper/short title Deewan shakar naji : mh muqadama v firhang /
Remainder of title by Iftekhar Begam Sidiqi
260 ## - PUBLICATION, DISTRIBUTION, ETC. (IMPRINT)
Place of publication, distribution, etc دہلی
Name of publisher, distributor, etc انجمن ترقی اردو
Date of publication, distribution, etc 1989
270 ## - ADDRESS
Address اردو گھر، روس ایونیو
City دہلی
Postal code 110002
300 ## - PHYSICAL DESCRIPTION
Extent 454p.
Dimensions 20cm(Hb)
650 ## - SUBJECT ADDED ENTRY--TOPICAL TERM
Topical term or geographic name as entry element اردو ادب
9 (RLIN) 115946
650 ## - SUBJECT ADDED ENTRY--TOPICAL TERM
Topical term or geographic name as entry element اردو نظم
9 (RLIN) 115947
650 ## - SUBJECT ADDED ENTRY--TOPICAL TERM
Topical term or geographic name as entry element Urdu literature
9 (RLIN) 115948
650 ## - SUBJECT ADDED ENTRY--TOPICAL TERM
Topical term or geographic name as entry element Urdu poetry
9 (RLIN) 115949
942 ## - ADDED ENTRY ELEMENTS (KOHA)
Source of classification or shelving scheme Dewey Decimal Classification
Koha item type Urdu Bks
Classification part 841
Call number suffix ص د ی
Holdings
Withdrawn status Lost status Damaged status Not for loan Home library Current library Date acquired Source of acquisition Cost, normal purchase price Total Checkouts Full call number Barcode Date last seen Copy number Cost, replacement price Price effective from Koha item type
        Central Library Central Library 31/12/2015 Cen Lib/Ret 60.00   841 ص د ی A-374781 31/12/2015 1 60.00 31/12/2015 Urdu Bks

© Delhi Public Library
Hit Counter
free hit counter